000 00574nam a2200193Ia 4500
003 IN-BaIIA
008 211028s9999 xx 000 0 eng d
040 _cIIA Library
080 _a535
_bFRA
100 _aFrancon, M.
_94622
245 0 _aModern applications of physical optics
_ctranslated from the French by Scripta Technica, inc.
260 _aNew York
_bJohn Wiley & Sons
_c1963
300 _aviii,106p.
490 _aInterscience tracts on physics and astronomy; no. 13
650 _aNASA thesaurus
650 _aOptics
650 _aPhysical optics
942 _cBK
999 _c2601
_d2601